000 00500nam a2200181Ia 4500
999 _c14083
_d14083
003 OSt
005 20201030093517.0
008 190216s9999||||xx |||||||||||||| ||und||
020 _a9780099507017
040 _coclc
082 _a823.914
_bCAR/M
100 _aCarr, Ruth
_96156
245 0 _aMaking It /
_cRuth Carr
260 _bArrow Books,
_c1996.
_aLondon:
300 _a290p
650 _aEnglish Novel-English Novel
942 _cBK
_2ddc
_h823.914
_iCAR/M
_k823.914
_mCAR/M